Tables of the modified Hankel functions of order one-third and of their derivatives /
Guardado en:
| Autor Corporativo: | |
|---|---|
| Formato: | Libro |
| Idioma: | English |
| Publicado: |
Cambridge, Mass. :
Harvard University Press,
1945.
|
| Series: | The annals of the Computation Laboratory of Harvard University ;
v. 2 |
| Etiquetas: |
Agregar Etiqueta
Sin Etiquetas, Sea el primero en etiquetar este registro!
|
| LEADER | 00651nam a22001575a 4500 | ||
|---|---|---|---|
| 001 | MAT.inmabb000480 | ||
| 008 | 031125s1945####mau###########000#0#eng#d | ||
| 005 | 20110309175701.0 | ||
| 245 | 1 | 0 | |a Tables of the modified Hankel functions of order one-third and of their derivatives / |c by the staff of the Computation Laboratory. |
| 260 | |a Cambridge, Mass. : |b Harvard University Press, |c 1945. | ||
| 300 | |a xxxvi, 235 p. ; |c 28 cm. | ||
| 440 | 4 | |a The annals of the Computation Laboratory of Harvard University ; |v v. 2 | |
| 510 | 4 | |a MR, |c 8,52i | |
| 110 | 0 | |a Harvard University. |b Computation Laboratory. | |
| 084 | |a 65A05 |2 msc2000 | ||
| 859 | |h 65 |i H339 |p A-258 |v 2 |b BIB. MATEMATICA | ||
